Statistics for County Seats Of Pennsylvania

Click here to take the quiz!

General Stats

  • This quiz has been taken 23 times
  • The average score is 25 of 67

Answer Stats

CountySeat% Correct
____Erie
93%
DauphinHarrisburg
93%
____________Philadelphia
93%
AlleghenyPittsburgh
93%
LackawannaScranton
86%
LehighAllentown
79%
LuzerneWilkes-Barre
79%
_________Lancaster
64%
BerksReading
64%
CumberlandCarlisle
57%
AdamsGettysburg
57%
LycomingWilliamsport
57%
____York
57%
BucksDoylestown
50%
NorthamptonEaston
50%
MontgomeryNorristown
50%
ChesterWest Chester
50%
______Beaver
43%
_______Indiana
43%
_______Lebanon
43%
________Somerset
43%
MonroeStroudsburg
43%
FayetteUniontown
43%
_______Bedford
36%
FranklinChambersburg
36%
_______Clarion
36%
__________Clearfield
36%
WestmorelandGreensburg
36%
LawrenceNew Castle
36%
SchuylkillPottsville
36%
______Warren
36%
__________Washington
36%
ColumbiaBloomsburg
29%
CambriaEbensburg
29%
BlairHollidaysburg
29%
CarbonJim Thorpe
29%
ArmstrongKittanning
29%
MifflinLewistown
29%
DelawareMedia
29%
______Mercer
29%
SusquehannaMontrose
29%
______Butler
21%
PotterCoudersport
21%
MontourDanville
21%
VenangoFranklin
21%
WayneHonesdale
21%
__________Huntingdon
21%
SullivanLaporte
21%
UnionLewisburg
21%
ClintonLock Haven
21%
CrawfordMeadville
21%
PikeMilford
21%
NorthumberlandSunbury
21%
BradfordTowanda
21%
WyomingTunkhannock
21%
CentreBellefonte
14%
JeffersonBrookville
14%
CameronEmporium
14%
FultonMcConnellsburg
14%
SnyderMiddleburg
14%
JuniataMifflintown
14%
PerryNew Bloomfield
14%
ElkRidgway
14%
McKeanSmethport
14%
ForestTionesta
14%
GreeneWaynesburg
14%
TiogaWellsboro
14%

Score Distribution

Percentile by Number Answered

Percent of People with Each Score

Your Score History

You have not taken this quiz